| 000 | 00613 a2200157 4500 | ||
|---|---|---|---|
| 001 | 200130967 | ||
| 999 |
_c200130967 _d30274 |
||
| 003 | TR-AnTOB | ||
| 005 | 20190322123225.0 | ||
| 008 | 131205s2013 tu -- g vl d | ||
| 245 | 0 | _aRoman Kahramanım yazı yarışması ödül töreni | |
| 337 |
_avideo _brdamedia |
||
| 500 | _aRoman Kahramanım yazı yarışması ödül töreni açılış konuşması | ||
| 856 | 4 | 2 |
_aBasında Roman Kahramanım Yazı Yarışması _uhttp://beta.interpress.com/(S(3xharm4yjlwi2l0e4y0cvrcs))/BasinAyrintiGoster.aspx?IDS=2rVxG3tVhkrG6tY2bCZKFA%3D%3D&madi=2122&kayit_sayisi=1#.UqCgAcRdXz4 |
| 942 | _cBK | ||
| 041 | _atur | ||